LIBRARY & INFORMATION CENTRE, KCAET, TAVANUR

ONLINE PUBLIC ACCESS CATALOGUE (OPAC)

Mechanical engineering (Record no. 13918)

MARC details
000 -LEADER
fixed length control field 00316nam a22001337a 4500
020 ## - INTERNATIONAL STANDARD BOOK NUMBER
ISBN 9788121906289
082 ## - DEWEY DECIMAL CLASSIFICATION NUMBER
Classification number 621.8
Item number KHU/ME
100 ## - MAIN ENTRY--AUTHOR NAME
Personal name Khurmi, R.S
245 ## - TITLE STATEMENT
Title Mechanical engineering
260 ## - PUBLICATION, DISTRIBUTION, ETC. (IMPRINT)
Place of publication New Delhi
Name of publisher Eurasia Publishing house Pvt. ltd
Year of publication 2012
300 ## - PHYSICAL DESCRIPTION
Number of Pages 838p
700 ## - ADDED ENTRY--PERSONAL NAME
Personal name Gupta, J.K
942 ## - ADDED ENTRY ELEMENTS (KOHA)
Koha item type Books
Holdings
Withdrawn status Lost status Damaged status Collection code Home library Current library Shelving location Date acquired Source of acquisition Cost, normal purchase price Full call number Accession Number Koha item type
      Non-fiction KAUAET KAUAET General Stacks 30/03/2013 Calicut Book Distributors 450.00 621.8 KHU/ME 23650 Books
free website counter